000 00477nam a2200181Ia 4500
008 230917s9999||||xx |||||||||||||| ||und||
020 _cRS995
040 _e249236
_aMAIN
041 _aEnglish
082 _a301.0973 T851E(6)
100 _aTurner, Jonathan H
245 0 _aEmergence of sociological theory
250 _a6th ed.
260 _aNew Delhi
_bCengage
_c2018
300 _axv, 382 p.
500 _a3221 02/08/2018 RK18/1037 02/08/2018 Main Budget
942 _cBK
999 _c27709
_d27709